Můžu být zničená, ale ne poražená /

Autobiografická próza o síle vůle napřené proti nepřízni osudu. Autorka, dnes matka čtyř dětí, sama během dětství a dospívání prožila peklo. Tato kniha vznikla jako zápis přežitého, jako návrat k sobě skrze bolest, která dlouho neměla slova.

Uloženo v:
Hlavní autor: Sikorová, Markéta, 1985- (Autor)
Médium: Kniha
Jazyk:Czech
Vydáno: Praha : Argo, 2026
Vydání:Vydání první
Témata:
Celkem bylo vypůjčeno:0x
Tagy:
Žádné tagy
LEADER 02899nam a2200577 i 4500
001 106731
003 CZ PrNK
005 20260703110927.0
007 ta
008 260625s2026 xr g 000 facze
015 |a cnb003766217 
020 |a 9788025749173  |q (vázáno) 
040 |a ABG001  |b cze  |e rda 
072 7 |a 821.162.3-3  |x Česká próza  |2 Konspekt  |9 25 
072 7 |a 929  |x Biografie  |2 Konspekt  |9 8 
080 |a 821.162.3-3  |2 MRF 
080 |a 316.346.2-055.2  |2 MRF 
080 |a 364.633-053.2  |2 MRF 
080 |a 364.63-053.2  |2 MRF 
080 |a 364.692:615.015.6-051  |2 MRF 
080 |a 929  |2 MRF 
080 |a (437.3)  |2 MRF 
080 |a (0:82-322.6)  |2 MRF 
100 1 |a Sikorová, Markéta,  |d 1985-  |7 hka20261302119  |4 aut  |9 117570 
245 1 0 |a Můžu být zničená, ale ne poražená /  |c Markéta Sikorová 
250 |a Vydání první 
264 1 |a Praha :  |b Argo,  |c 2026 
300 |a 149 stran ;  |c 22 cm 
336 |a text  |b txt  |2 rdacontent 
337 |a bez média  |b n  |2 rdamedia 
338 |a svazek  |b nc  |2 rdacarrier 
520 2 |a Autobiografická próza o síle vůle napřené proti nepřízni osudu. Autorka, dnes matka čtyř dětí, sama během dětství a dospívání prožila peklo. Tato kniha vznikla jako zápis přežitého, jako návrat k sobě skrze bolest, která dlouho neměla slova.  |b Některé životní příběhy jsou ve skutečnosti nesdělitelné, nepřenositelné. Když vás od útlého dětství zneužívá vlastní otec. Když matka předstírá, že se to neděje. Když vám nikdo nevěří, nedá lásku, domov, důvěru. Když spadnete v jedenácti letech do koloběhu závislostí, prostituce, kriminality. Když vás celé dětství a dospívání zavírají do ústavů a vy se snažíte o jediné: přežít. A dokážete to.... Nakladatelská anotace. 
600 1 7 |a Sikorová, Markéta,  |d 1985-  |7 hka20261302119  |2 czenas 
648 7 |a 20.-21. století  |7 ch462155  |2 czenas  |9 53009 
650 0 7 |a ženy  |7 ph127967  |y 20.-21. století  |z Česko  |2 czenas 
650 0 7 |a sexuálně zneužívané děti  |7 ph115772  |y 20.-21. století  |z Česko  |2 czenas 
650 0 7 |a týrané děti  |7 ph116519  |y 20.-21. století  |z Česko  |2 czenas 
650 0 7 |a drogově závislí  |7 ph114362  |y 20.-21. století  |z Česko  |2 czenas 
650 9 |a women  |y 20th-21st centuries  |z Czechia  |2 eczenas 
650 9 |a sexually abused children  |2 eczenas 
650 9 |a abused children  |2 eczenas 
650 9 |a narcotic addicts  |2 eczenas 
655 7 |a české prózy  |7 fd133972  |2 czenas  |9 54029 
655 7 |a autobiografické prózy  |7 fd131850  |2 czenas  |9 53454 
655 9 |a Czech prose  |2 eczenas 
655 9 |a autobiographical prose  |2 eczenas 
710 2 |a Nakladatelství Argo  |7 ko2002160146  |4 pbl  |9 117117 
910 |a UOG502 
942 |2 ddc  |c KN 
999 |d 106731 
993 |0 0  |1 421180107461  |2 ddc  |4 0  |7 0  |9 100246  |b 0  |c 107461  |d 2026-07-03  |e 0  |f DOSP  |h 248.00  |i Koupě  |l DOSP  |r 2026-07-03  |t 6  |w 2026-07-03  |y KN  |z BELET  |n